<?xml version="1.0" encoding="UTF-8"?>
<record
    xmlns:xsi="http://www.w3.org/2001/XMLSchema-instance"
    xsi:schemaLocation="http://www.loc.gov/MARC21/slim http://www.loc.gov/standards/marcxml/schema/MARC21slim.xsd"
    xmlns="http://www.loc.gov/MARC21/slim">

  <leader>00362nam a2200109Ia 4500</leader>
  <controlfield tag="008">151001s9999||||xx |||||||||||||| ||und||</controlfield>
  <datafield tag="100" ind1=" " ind2=" ">
    <subfield code="a">&#x905;&#x928;&#x902;&#x924; &#x935;&#x93F;&#x937;&#x94D;&#x923;&#x942; &#x922;&#x94B;&#x932;&#x947;</subfield>
  </datafield>
  <datafield tag="245" ind1=" " ind2=" ">
    <subfield code="a">&#x936;&#x942;&#x928;&#x94D;&#x92F;&#x93E;&#x924;&#x942;&#x928; &#x905;&#x928;&#x902;&#x924;</subfield>
  </datafield>
  <datafield tag="260" ind1=" " ind2=" ">
    <subfield code="b">&#x938;&#x93E;&#x939;&#x93F;&#x924;&#x94D;&#x92F; &#x92A;&#x94D;&#x930;&#x938;&#x93E;&#x930; &#x915;&#x947;&#x902;&#x926;&#x94D;&#x930; &#x928;&#x93E;&#x917;&#x92A;&#x942;&#x930;</subfield>
  </datafield>
  <datafield tag="300" ind1=" " ind2=" ">
    <subfield code="a">104</subfield>
  </datafield>
  <datafield tag="365" ind1=" " ind2=" ">
    <subfield code="b">21</subfield>
  </datafield>
  <datafield tag="999" ind1=" " ind2=" ">
    <subfield code="c">971196</subfield>
    <subfield code="d">971193</subfield>
  </datafield>
</record>
